00305nam a2200121Ia 4500008004100000020000500041082001900046100002200065245002800087260005500115300000800170650000500178140316s9999 xx 000 0 und d a a657.97bNAR/SA aNarayana Pillai,R aSahakarana book keeping aThiruvananthapurambState institute of languagesc a208 a